State by Phonetic Spelling #2 - Statistics

General Stats
  • This quiz has been taken 442 times
  • The average score is 22 of 25
Answer Stats
Phonetic Spelling English Spelling % Correct
flɔɹɪdə Florida
98%
nəˈbræskə Nebraska
96%
saʊθ dəˈkoʊ.tə South Dakota
96%
wɪsˈkɑnsən Wisconsin
96%
ɑɹ.kən.sɑ Arkansas
95%
həˈwaɪiː Hawaii
95%
oʊk.ləˈhoʊ.mə Oklahoma
95%
kɑləˈrædoʊ Colorado
93%
alaˈbɐma Alabama
92%
mɛəɹɪlənd Maryland
92%
wɛst vɝˈdʒɪn.jə West Virginia
91%
kɨnˈtʌki Kentucky
90%
luːˌiːziːˈænə Louisiana
90%
nu ˈmɛk.si.koʊ New Mexico
90%
nɔɹθ kɛɹəˈlaɪnə North Carolina
89%
aɪdəhoʊ Idaho
88%
aɪəwə Iowa
87%
nuːˈdʒɝzi New Jersey
87%
ɪl.ə.ˈnɔɪ Illinois
85%
pɛnsɨlˈveɪniə Pennsylvania
85%
mæsəˈtʃusɨts Massachusetts
83%
kəˈnɛ.tə.kət Connecticut
80%
mɨˈzɝi Missouri
78%
ɹoʊd ˈaɪ.lənd Rhode Island
73%
dʒɔɹ.dʒə Georgia
65%
No matching quizzes found
Score Distribution
Percent of People with Each Score
Percentile by Number Answered
Your Score History
You have not taken this quiz